00914nam a22002055i 4500001000700000003000900007005001700016008004100033080001200074100003200086245015800118260013700276300002100413500002700434650002100461710003600482852004200518999001900560952012900579178698ES-MaACL20230906220604.0110610s1973 sp |||| | spa d a616-0061 aFerrer Pi, Santiago.95049310aContribución al estudio del higroma quístico / cresumen de la tesis presentada para aspirar al grado de doctor en medicina por Manuel Galofre Folch. aBarcelona : bUniversidad de Barcelona, Secretariado de Publicaciones, Intercambio Científico y Extensión Universitaria, c1973. a12 p. ; c24 cm. aCub. tomada como port.04aTumores.91470692 aUniversidad de Barcelona.97141 aES-MaACLjE-15361 (105) xOlim P-1374 c178698d178698 00104070aATENEOMbATENEOMcDEPO2d2011-06-10eDONl0oE-15361 (105)p1187710r2023-02-23 00:00:00w2023-02-23yMONOGRAFIA